[Event "MPA 1580 2024"]
[Site "Sianozety"]
[Date "2024.04.12"]
[Round "3.5"]
[White "Uniwersal, Robert"]
[Black "Chromicz, Andrzej"]
[Result "1-0"]
[BlackElo "1492"]
[WhiteElo "1578"]
[LiveChessVersion "1.4.4"]

1. d4 {[%clk 1:30:57]} d6 {[%clk 1:30:39]} 2. Nf3 {[%clk 1:31:17]} e6
{[%clk 1:30:57]} 3. e4 {[%clk 1:31:30]} Be7 {[%clk 1:31:08]} 4. c4
{[%clk 1:31:30]} Nf6 {[%clk 1:31:24]} 5. Bd3 {[%clk 1:31:35]} O-O
{[%clk 1:31:33]} 6. O-O {[%clk 1:31:51]} c5 {[%clk 1:31:46]} 7. d5
{[%clk 1:32:10]} e5 {[%clk 1:31:56]} 8. h3 {[%clk 1:32:18]} h6 {[%clk 1:32:13]}
9. Nc3 {[%clk 1:32:23]} Nh7 {[%clk 1:32:26]} 10. Qc2 {[%clk 1:31:32]} a6
{[%clk 1:32:44]} 11. Be3 {[%clk 1:28:33]} Ng5 {[%clk 1:32:11]} 12. Nd2
{[%clk 1:08:40]} Qd7 {[%clk 1:22:31]} 13. Bxg5 {[%clk 0:57:40]} Bxg5
{[%clk 1:22:45]} 14. Nf3 {[%clk 0:57:17]} Be7 {[%clk 1:20:57]} 15. Rab1
{[%clk 0:56:17]} g5 {[%clk 1:19:57]} 16. Qd2 {[%clk 0:52:38]} Kh7
{[%clk 1:19:52]} 17. b4 {[%clk 0:51:42]} b6 {[%clk 1:19:50]} 18. bxc5
{[%clk 0:50:41]} bxc5 {[%clk 1:20:04]} 19. Rb2 {[%clk 0:49:54]} Rg8
{[%clk 1:20:13]} 20. Nh2 {[%clk 0:44:33]} Qd8 {[%clk 1:17:31]} 21. Rfb1
{[%clk 0:44:02]} Nd7 {[%clk 1:16:28]} 22. Qe2 {[%clk 0:41:12]} Rg6
{[%clk 1:15:36]} 23. Na4 {[%clk 0:38:03]} Qg8 {[%clk 1:14:09]} 24. g4
{[%clk 0:36:50]} Rf6 {[%clk 1:11:12]} 25. Nb6 {[%clk 0:35:11]} Nxb6
{[%clk 1:05:43]} 26. Rxb6 {[%clk 0:35:34]} Rf4 {[%clk 1:05:14]} 27. Nf1
{[%clk 0:34:41]} h5 {[%clk 1:04:53]} 28. f3 {[%clk 0:34:11]} hxg4
{[%clk 0:59:35]} 29. hxg4 {[%clk 0:34:34]} Qg6 {[%clk 0:50:19]} 30. Ng3
{[%clk 0:34:13]} Qh6 {[%clk 0:44:41]} 31. Nh5 {[%clk 0:34:29]} Kg6
{[%clk 0:37:28]} 32. Rb8 {[%clk 0:32:52]} Rxb8 {[%clk 0:32:07]} 33. Rxb8
{[%clk 0:33:13]} Bxg4 {[%clk 0:32:22]} 34. Nxf4+ {[%clk 0:31:15]} gxf4
{[%clk 0:32:31]} 35. Rg8+ {[%clk 0:30:51]} Kh7 {[%clk 0:32:23]} 36. Rxg4
{[%clk 0:31:00]} Bg5 {[%clk 0:31:25]} 37. Qh2 {[%clk 0:29:47]} Qxh2+
{[%clk 0:31:41]} 38. Kxh2 {[%clk 0:29:50]} f6 {[%clk 0:32:05]} 39. Rg1
{[%clk 0:29:15]} Bh4 {[%clk 0:31:39]} 40. Rb1 {[%clk 0:29:10]} a5
{[%clk 0:31:43]} 41. Kg2 {[%clk 0:27:18]} Kg6 {[%clk 0:31:34]} 42. Rb6
{[%clk 0:27:28]} Be1 {[%clk 0:31:30]} 43. Rxd6 {[%clk 0:27:41]} Bb4
{[%clk 0:31:33]} 44. Kh3 {[%clk 0:27:51]} Kg5 {[%clk 0:31:02]} 45. Rb6
{[%clk 0:28:03]} Ba3 {[%clk 0:30:24]} 46. d6 {[%clk 0:28:14]} 1-0

[Event "MPA 1580 2024"]
[Site "Sianozety"]
[Date "2024.04.12"]
[Round "3.7"]
[White "Toczynska, Natalia"]
[Black "Sienczewski, Mariusz"]
[Result "0-1"]
[BlackElo "1558"]
[WhiteElo "1453"]
[LiveChessVersion "1.4.4"]

1. d4 {[%clk 1:30:25]} d5 {[%clk 1:30:51]} 2. Nf3 {[%clk 1:30:48]} Nf6
{[%clk 1:30:34]} 3. e3 {[%clk 1:31:08]} Bg4 {[%clk 1:30:27]} 4. Nbd2
{[%clk 1:31:28]} e6 {[%clk 1:30:16]} 5. h3 {[%clk 1:31:32]} Bh5 {[%clk 1:30:19]}
6. Be2 {[%clk 1:31:11]} Bd6 {[%clk 1:29:50]} 7. O-O {[%clk 1:30:23]} O-O
{[%clk 1:30:07]} 8. b3 {[%clk 1:29:27]} c5 {[%clk 1:29:56]} 9. Bb2
{[%clk 1:29:17]} Nc6 {[%clk 1:28:41]} 10. c4 {[%clk 1:27:14]} Re8
{[%clk 1:26:23]} 11. Ne5 {[%clk 1:26:56]} Bxe2 {[%clk 1:26:19]} 12. Qxe2
{[%clk 1:27:10]} Rc8 {[%clk 1:16:47]} 13. Rfc1 {[%clk 1:26:11]} a6
{[%clk 1:12:01]} 14. f4 {[%clk 1:22:35]} cxd4 {[%clk 1:08:39]} 15. exd4
{[%clk 1:22:02]} Bxe5 {[%clk 1:05:07]} 16. fxe5 {[%clk 1:21:06]} Nd7
{[%clk 1:03:36]} 17. Nf3 {[%clk 1:19:37]} Nf8 {[%clk 1:02:48]} 18. c5
{[%clk 1:16:50]} Ng6 {[%clk 1:02:54]} 19. Rf1 {[%clk 1:16:20]} h6
{[%clk 1:02:59]} 20. Qf2 {[%clk 1:15:14]} Rf8 {[%clk 1:02:36]} 21. Qg3
{[%clk 1:13:04]} Nce7 {[%clk 1:00:55]} 22. h4 {[%clk 1:12:54]} Nf5
{[%clk 1:00:04]} 23. Qe1 {[%clk 1:10:24]} Nfxh4 {[%clk 0:59:51]} 24. Bc1
{[%clk 1:09:47]} Nxf3+ {[%clk 0:59:45]} 25. Rxf3 {[%clk 1:09:58]} Qh4
{[%clk 0:59:31]} 26. Qxh4 {[%clk 1:08:38]} Nxh4 {[%clk 0:59:48]} 27. Rf4
{[%clk 1:07:52]} Ng6 {[%clk 0:59:02]} 28. Rg4 {[%clk 1:08:02]} Kh7
{[%clk 0:58:56]} 29. Ba3 {[%clk 1:07:57]} Rc6 {[%clk 0:58:48]} 30. b4
{[%clk 1:07:50]} Rfc8 {[%clk 0:58:34]} 31. Rf1 {[%clk 1:06:54]} R8c7
{[%clk 0:58:29]} 32. Rg3 {[%clk 1:06:46]} b6 {[%clk 0:56:01]} 33. Rgf3
{[%clk 1:06:49]} Kg8 {[%clk 0:56:08]} 34. Bc1 {[%clk 1:04:53]} bxc5
{[%clk 0:56:19]} 35. bxc5 {[%clk 1:05:08]} Rb7 {[%clk 0:55:51]} 36. g3
{[%clk 1:04:58]} Rb4 {[%clk 0:52:33]} 37. Rxf7 {[%clk 1:02:30]} Rxd4
{[%clk 0:52:36]} 38. Bxh6 gxh6 {[%clk 0:47:07]} 39. R7f6 {[%clk 0:57:22]} Rg4
{[%clk 0:47:15]} 40. Rb1 {[%clk 0:57:01]} Nxe5 {[%clk 0:38:55]} 41. Rb6
{[%clk 0:55:17]} Rxc5 {[%clk 0:32:36]} 42. Rfxe6 {[%clk 0:55:19]} Rxg3+
{[%clk 0:31:23]} 43. Kh2 {[%clk 0:55:18]} Rg5 {[%clk 0:30:36]} 44. Rb7
{[%clk 0:54:05]} Rc2+ {[%clk 0:29:38]} 45. Kh3 {[%clk 0:54:10]} Rc3+
{[%clk 0:28:48]} 46. Kh2 {[%clk 0:54:20]} Nf3+ {[%clk 0:27:37]} 47. Kh1
{[%clk 0:54:10]} Rg1# 0-1

[Event "MPA 1580 2024"]
[Site "Sianozety"]
[Date "2024.04.12"]
[Round "3.9"]
[White "Mucha, Krzysztof"]
[Black "Superson, Dawid"]
[Result "1/2-1/2"]
[BlackElo "1509"]
[WhiteElo "1524"]
[LiveChessVersion "1.4.4"]

1. d4 {[%clk 1:30:59]} d5 {[%clk 1:30:43]} 2. Bf4 {[%clk 1:31:23]} g6
{[%clk 1:30:31]} 3. e3 {[%clk 1:31:45]} Nf6 {[%clk 1:30:11]} 4. Bd3
{[%clk 1:31:43]} Nc6 {[%clk 1:26:39]} 5. c3 {[%clk 1:31:35]} Nh5 {[%clk 1:26:22]}
6. Bg3 {[%clk 1:31:41]} e5 {[%clk 1:22:57]} 7. Bxe5 {[%clk 1:29:21]} Nxe5
{[%clk 1:23:23]} 8. dxe5 {[%clk 1:29:45]} Qg5 {[%clk 1:23:33]} 9. g3
{[%clk 1:24:00]} Qxe5 {[%clk 1:22:48]} 10. Nf3 {[%clk 1:23:12]} Qd6
{[%clk 1:16:57]} 11. Nbd2 {[%clk 1:22:32]} Bg4 {[%clk 1:10:17]} 12. Qa4+
{[%clk 1:21:43]} Bd7 {[%clk 1:09:12]} 13. Qb3 {[%clk 1:22:06]} Bc6
{[%clk 1:06:34]} 14. Nd4 {[%clk 1:20:45]} Bg7 {[%clk 1:03:43]} 15. Nxc6
{[%clk 1:20:59]} bxc6 {[%clk 1:04:09]} 16. O-O {[%clk 1:16:06]} O-O
{[%clk 1:04:00]} 17. Rfd1 {[%clk 1:12:14]} c5 {[%clk 0:58:43]} 18. Bf1
{[%clk 1:12:25]} Rab8 {[%clk 0:57:36]} 19. Qc2 {[%clk 1:12:45]} Nf6
{[%clk 0:49:57]} 20. Bg2 {[%clk 1:12:36]} Qb6 {[%clk 0:48:58]} 21. Rab1
{[%clk 1:12:45]} d4 {[%clk 0:48:04]} 22. exd4 {[%clk 1:10:02]} cxd4
{[%clk 0:47:02]} 23. cxd4 {[%clk 1:10:21]} Qxd4 {[%clk 0:46:58]} 24. Nf3
{[%clk 1:10:39]} Qb6 {[%clk 0:46:59]} 25. b3 {[%clk 1:10:50]} Ng4
{[%clk 0:45:08]} 26. h3 {[%clk 1:05:52]} Ne5 {[%clk 0:42:10]} 27. Re1
{[%clk 1:00:41]} Nxf3+ {[%clk 0:41:15]} 28. Bxf3 {[%clk 1:01:04]} Bd4
{[%clk 0:37:57]} 29. Rbd1 {[%clk 0:51:41]} Qf6 {[%clk 0:32:06]} 30. Qc6
{[%clk 0:42:01]} Qxc6 {[%clk 0:27:49]} 31. Bxc6 {[%clk 0:42:23]} Rbd8
{[%clk 0:27:27]} 32. Kg2 {[%clk 0:38:10]} Rd6 {[%clk 0:27:52]} 33. Bb5
{[%clk 0:37:49]} Kg7 {[%clk 0:23:58]} 34. Re7 {[%clk 0:34:13]} Bc5
{[%clk 0:18:33]} 35. Rxd6 {[%clk 0:21:42]} Bxd6 {[%clk 0:18:03]} 36. Re4
{[%clk 0:21:33]} f5 {[%clk 0:18:13]} 37. Re2 {[%clk 0:19:46]} Kf6
{[%clk 0:16:38]} 38. h4 {[%clk 0:16:49]} Rf7 {[%clk 0:13:13]} 39. Bc4
{[%clk 0:17:01]} Re7 {[%clk 0:13:14]} 40. Rxe7 {[%clk 0:15:58]} Bxe7
{[%clk 0:13:24]} 41. Kf3 {[%clk 0:12:16]} Ke5 {[%clk 0:13:15]} 42. Bg8
{[%clk 0:12:11]} h6 {[%clk 0:13:17]} 43. Bf7 {[%clk 0:11:39]} Kf6
{[%clk 0:07:02]} 44. Bc4 {[%clk 0:11:47]} Ke5 {[%clk 0:06:57]} 45. Bf7
{[%clk 0:10:23]} g5 {[%clk 0:06:54]} 46. hxg5 {[%clk 0:10:36]} hxg5
{[%clk 0:06:37]} 47. Be8 {[%clk 0:10:11]} Bc5 {[%clk 0:03:54]} 48. Bf7
{[%clk 0:09:23]} Ba3 {[%clk 0:03:59]} 49. Ke2 {[%clk 0:09:34]} Kd4
{[%clk 0:02:55]} 50. Kd2 {[%clk 0:09:39]} a5 {[%clk 0:02:23]} 51. Bc4
{[%clk 0:05:50]} Ke5 {[%clk 0:01:49]} 52. Kd3 {[%clk 0:04:43]} f4
{[%clk 0:00:56]} 53. gxf4+ {[%clk 0:04:41]} Kxf4 {[%clk 0:01:10]} 54. Bd5
{[%clk 0:04:55]} g4 {[%clk 0:01:36]} 55. Ke2 {[%clk 0:04:51]} Bd6
{[%clk 0:00:59]} 56. a4 {[%clk 0:04:49]} Ke5 {[%clk 0:01:24]} 57. Bc4
{[%clk 0:04:56]} c6 {[%clk 0:01:30]} 58. Kf1 {[%clk 0:02:46]} Ke4
{[%clk 0:01:31]} 59. Kg2 {[%clk 0:02:57]} Kf4 {[%clk 0:01:34]} 1/2-1/2

[Event "MPA 1580 2024"]
[Site "Sianozety"]
[Date "2024.04.12"]
[Round "3.10"]
[White "Wosztyl, Emilian"]
[Black "Zemla, Andrzej"]
[Result "0-1"]
[BlackElo "1453"]
[WhiteElo "1522"]
[LiveChessVersion "1.4.4"]

1. e4 {[%clk 1:20:15]} c6 {[%clk 1:30:56]} 2. Nf3 {[%clk 1:20:11]} d5
{[%clk 1:31:16]} 3. exd5 {[%clk 1:20:31]} cxd5 {[%clk 1:31:38]} 4. d4
{[%clk 1:20:58]} Nc6 {[%clk 1:31:49]} 5. Bb5 {[%clk 1:21:13]} Bg4
{[%clk 1:31:13]} 6. O-O {[%clk 1:20:21]} e6 {[%clk 1:31:34]} 7. c3
{[%clk 1:20:02]} Bxf3 {[%clk 1:30:37]} 8. Qxf3 {[%clk 1:19:25]} Nf6
{[%clk 1:30:28]} 9. Bg5 {[%clk 1:19:22]} Be7 {[%clk 1:30:20]} 10. Nd2
{[%clk 1:19:36]} Ne4 {[%clk 1:22:34]} 11. Nxe4 {[%clk 1:18:51]} Bxg5
{[%clk 1:22:52]} 12. Nxg5 {[%clk 1:17:26]} Qxg5 {[%clk 1:23:11]} 13. Rfe1
{[%clk 1:16:52]} O-O {[%clk 1:22:15]} 14. Bxc6 {[%clk 1:16:59]} bxc6
{[%clk 1:22:36]} 15. Re5 {[%clk 1:17:17]} Qg6 {[%clk 1:15:32]} 16. h4
{[%clk 1:16:54]} Rae8 {[%clk 1:09:21]} 17. Rae1 {[%clk 1:15:01]} Qf6
{[%clk 0:57:57]} 18. Qxf6 {[%clk 1:04:49]} gxf6 {[%clk 0:58:20]} 19. R5e3
{[%clk 1:05:09]} h5 {[%clk 0:58:24]} 20. Rf3 {[%clk 1:03:36]} Kg7
{[%clk 0:52:37]} 21. b3 {[%clk 1:02:46]} e5 {[%clk 0:49:00]} 22. Rfe3
{[%clk 1:01:16]} e4 {[%clk 0:48:12]} 23. f3 {[%clk 1:01:34]} f5 {[%clk 0:48:30]}
24. fxe4 Rxe4 {[%clk 0:44:10]} 25. Rg3+ {[%clk 0:59:18]} Kf6 {[%clk 0:43:06]} 26.
Rxe4 {[%clk 0:59:03]} fxe4 {[%clk 0:42:59]} 27. Kf2 {[%clk 0:58:38]} Ke6
{[%clk 0:37:10]} 28. Rg5 Rh8 {[%clk 0:29:48]} 29. c4 {[%clk 0:55:44]} Rh7
{[%clk 0:28:52]} 30. cxd5+ {[%clk 0:49:26]} cxd5 {[%clk 0:29:12]} 31. Re5+
{[%clk 0:49:50]} Kd6 {[%clk 0:28:58]} 32. Re8 {[%clk 0:47:31]} f5
{[%clk 0:27:00]} 33. g3 {[%clk 0:44:22]} Rf7 {[%clk 0:24:32]} 34. Ke3
{[%clk 0:43:11]} Rg7 {[%clk 0:24:12]} 35. Kf4 {[%clk 0:42:37]} Re7
{[%clk 0:23:14]} 36. Rc8 {[%clk 0:35:22]} e3 {[%clk 0:17:04]} 37. Rc1
{[%clk 0:35:49]} Re4+ {[%clk 0:16:43]} 38. Kxf5 {[%clk 0:36:05]} Rxd4
{[%clk 0:16:49]} 39. Kg5 {[%clk 0:35:57]} Re4 {[%clk 0:16:52]} 40. Kxh5
{[%clk 0:36:02]} e2 {[%clk 0:16:04]} 41. Re1 {[%clk 0:35:50]} d4 {[%clk 0:16:17]}
42. Kg5 {[%clk 0:35:22]} d3 {[%clk 0:16:01]} 43. h5 {[%clk 0:35:20]} d2
{[%clk 0:16:21]} 0-1

[Event "MPA 1580 2024"]
[Site "Sianozety"]
[Date "2024.04.12"]
[Round "4.1"]
[White "Kuriata, Tomasz"]
[Black "Kopacz, Mikolaj"]
[Result "0-1"]
[BlackElo "1513"]
[WhiteElo "1572"]
[LiveChessVersion "1.4.4"]

1. e4 {[%clk 1:30:40]} c5 {[%clk 1:30:17]} 2. Nc3 {[%clk 1:31:00]} g6
{[%clk 1:30:38]} 3. d4 {[%clk 1:31:14]} cxd4 {[%clk 1:30:44]} 4. Qxd4
{[%clk 1:31:40]} Nf6 {[%clk 1:30:37]} 5. Bb5 {[%clk 1:31:49]} Nc6
{[%clk 1:23:02]} 6. Qa4 {[%clk 1:24:23]} Bg7 {[%clk 1:20:00]} 7. Nf3
{[%clk 1:24:14]} O-O {[%clk 1:19:17]} 8. O-O {[%clk 1:23:59]} Qc7
{[%clk 1:18:07]} 9. Re1 {[%clk 1:12:38]} d6 {[%clk 1:14:49]} 10. h3
{[%clk 1:02:39]} h6 {[%clk 1:11:30]} 11. Bf4 {[%clk 1:00:32]} Be6
{[%clk 1:04:47]} 12. e5 {[%clk 0:56:13]} dxe5 {[%clk 1:04:15]} 13. Nxe5
{[%clk 0:56:41]} Nxe5 {[%clk 1:04:09]} 14. Bxe5 {[%clk 0:55:42]} Qc8
{[%clk 1:03:54]} 15. Rad1 {[%clk 0:52:52]} a6 {[%clk 1:02:46]} 16. Bd3
{[%clk 0:49:48]} Bd7 {[%clk 1:01:33]} 17. Qh4 {[%clk 0:45:22]} Bc6
{[%clk 0:58:35]} 18. f4 {[%clk 0:42:37]} Re8 {[%clk 0:55:25]} 19. g4
{[%clk 0:38:02]} Bf3 {[%clk 0:51:49]} 20. Rd2 {[%clk 0:37:02]} h5
{[%clk 0:50:23]} 21. f5 {[%clk 0:25:30]} Qc5+ {[%clk 0:46:00]} 22. Kf1
{[%clk 0:25:26]} Nxg4 {[%clk 0:24:27]} 23. hxg4 {[%clk 0:16:03]} Bxe5
{[%clk 0:17:33]} 24. fxg6 {[%clk 0:15:32]} fxg6 {[%clk 0:16:29]} 25. Qg5
{[%clk 0:14:13]} Rf8 {[%clk 0:09:01]} 26. Qxg6+ {[%clk 0:11:45]} Bg7
{[%clk 0:09:25]} 27. Qh7+ {[%clk 0:11:29]} Kf7 {[%clk 0:09:31]} 28. Bg6+
{[%clk 0:11:33]} Kf6 {[%clk 0:09:45]} 29. Rf2 {[%clk 0:07:57]} Qc4+
{[%clk 0:07:10]} 30. Bd3 {[%clk 0:07:15]} Qxg4 {[%clk 0:07:04]} 31. Nd5+
{[%clk 0:07:29]} Kg5 {[%clk 0:05:38]} 32. Qxg7+ {[%clk 0:06:45]} Kh4
{[%clk 0:05:45]} 33. Qxg4+ {[%clk 0:03:04]} hxg4 {[%clk 0:05:51]} 34. Nxe7
{[%clk 0:02:54]} Kg3 {[%clk 0:04:14]} 35. Nf5+ {[%clk 0:02:48]} Rxf5
{[%clk 0:04:01]} 36. Bxf5 {[%clk 0:03:17]} Rh8 {[%clk 0:02:45]} 37. Rxf3+
{[%clk 0:03:35]} gxf3 {[%clk 0:03:03]} 38. Kg1 {[%clk 0:00:36]} f2+
{[%clk 0:03:14]} 39. Kf1 {[%clk 0:01:05]} Rh1+ {[%clk 0:03:28]} 0-1

[Event "MPA 1580 2024"]
[Site "Sianozety"]
[Date "2024.04.12"]
[Round "4.2"]
[White "Krzeszowiec, Wojciech"]
[Black "Sienczewski, Mariusz"]
[Result "1-0"]
[BlackElo "1558"]
[WhiteElo "1580"]
[LiveChessVersion "1.4.4"]

1. Nf3 {[%clk 1:30:49]} d5 {[%clk 1:30:48]} 2. c4 {[%clk 1:30:19]} e6
{[%clk 1:30:20]} 3. e3 {[%clk 1:30:18]} Nf6 {[%clk 1:30:21]} 4. Nc3
{[%clk 1:28:52]} Be7 {[%clk 1:29:43]} 5. b3 {[%clk 1:29:01]} O-O {[%clk 1:30:02]}
6. Bb2 {[%clk 1:29:28]} c5 {[%clk 1:29:01]} 7. d4 {[%clk 1:23:11]} Nc6
{[%clk 1:29:13]} 8. cxd5 {[%clk 1:18:15]} exd5 {[%clk 1:28:28]} 9. Be2
{[%clk 1:16:30]} Bg4 {[%clk 1:28:14]} 10. dxc5 {[%clk 1:15:03]} Bxc5
{[%clk 1:27:54]} 11. O-O {[%clk 1:13:55]} Rc8 {[%clk 1:26:13]} 12. Nd4
{[%clk 1:13:09]} Bxe2 {[%clk 1:26:03]} 13. Ncxe2 {[%clk 1:13:17]} Re8
{[%clk 1:22:31]} 14. Rc1 {[%clk 1:12:26]} Bd6 {[%clk 1:20:14]} 15. a3
{[%clk 1:10:33]} h6 {[%clk 1:20:12]} 16. b4 {[%clk 1:08:30]} a6 {[%clk 1:19:59]}
17. h3 {[%clk 1:08:44]} Ne5 {[%clk 1:10:31]} 18. Nf5 {[%clk 0:58:09]} Rxc1
{[%clk 1:03:29]} 19. Nxc1 {[%clk 0:55:05]} Bb8 {[%clk 1:03:22]} 20. Bxe5
{[%clk 0:46:58]} Bxe5 {[%clk 1:03:06]} 21. Nd4 {[%clk 0:45:27]} Qc8
{[%clk 1:01:39]} 22. Nce2 {[%clk 0:44:33]} Re7 {[%clk 0:56:40]} 23. Qd3
{[%clk 0:42:49]} Rc7 {[%clk 0:56:16]} 24. Nf3 {[%clk 0:30:59]} Bd6
{[%clk 0:55:47]} 25. Rd1 {[%clk 0:26:09]} Rc6 {[%clk 0:53:23]} 26. Nfd4
{[%clk 0:24:11]} Rc7 {[%clk 0:52:35]} 27. Rd2 {[%clk 0:20:02]} Ne4
{[%clk 0:48:36]} 28. Rc2 {[%clk 0:18:58]} Rxc2 {[%clk 0:48:52]} 29. Qxc2
{[%clk 0:18:21]} Qxc2 {[%clk 0:47:35]} 30. Nxc2 {[%clk 0:18:45]} Be5
{[%clk 0:47:11]} 31. Ned4 {[%clk 0:18:43]} g6 {[%clk 0:43:42]} 32. Kf1
{[%clk 0:18:16]} h5 {[%clk 0:42:17]} 33. Nb3 {[%clk 0:16:27]} b6 {[%clk 0:38:50]}
34. Ke2 {[%clk 0:15:00]} Kf8 {[%clk 0:39:10]} 35. Nbd4 {[%clk 0:14:50]} Bxd4
{[%clk 0:37:13]} 36. Nxd4 {[%clk 0:14:39]} Ke8 {[%clk 0:30:34]} 37. f3
{[%clk 0:14:48]} Nd6 {[%clk 0:30:24]} 38. Kd3 {[%clk 0:13:58]} Kd7
{[%clk 0:30:26]} 39. Ne2 {[%clk 0:11:41]} b5 {[%clk 0:28:16]} 40. Nc3
{[%clk 0:09:18]} Nc4 {[%clk 0:27:23]} 41. Nxd5 {[%clk 0:07:01]} Nxa3
{[%clk 0:27:11]} 42. Nc3 {[%clk 0:06:04]} Nc4 {[%clk 0:27:12]} 43. h4
{[%clk 0:05:45]} Kc6 {[%clk 0:24:26]} 44. Kd4 {[%clk 0:05:42]} Nd6
{[%clk 0:23:16]} 45. e4 {[%clk 0:05:39]} f6 {[%clk 0:23:05]} 46. Nd5
{[%clk 0:05:35]} Nb7 {[%clk 0:18:13]} 47. Ne7+ {[%clk 0:05:07]} Kd6
{[%clk 0:17:55]} 48. Nxg6 {[%clk 0:05:27]} a5 {[%clk 0:17:41]} 49. bxa5
{[%clk 0:05:46]} Nxa5 {[%clk 0:18:02]} 50. Nf4 {[%clk 0:06:10]} b4
{[%clk 0:17:17]} 51. Nxh5 {[%clk 0:04:47]} Ke6 {[%clk 0:16:52]} 52. Nf4+
{[%clk 0:05:03]} Kd6 {[%clk 0:17:06]} 53. Nd3 {[%clk 0:05:18]} 1-0

[Event "MPA 1580 2024"]
[Site "Sianozety"]
[Date "2024.04.12"]
[Round "4.3"]
[White "Zemla, Andrzej"]
[Black "Uniwersal, Robert"]
[Result "1-0"]
[BlackElo "1578"]
[WhiteElo "1453"]
[LiveChessVersion "1.4.4"]

1. d4 {[%clk 1:30:58]} Nf6 {[%clk 1:30:52]} 2. c4 {[%clk 1:31:24]} c5
{[%clk 1:31:13]} 3. d5 {[%clk 1:31:49]} e6 {[%clk 1:31:37]} 4. Nc3
{[%clk 1:32:07]} exd5 {[%clk 1:31:59]} 5. cxd5 {[%clk 1:32:12]} d6
{[%clk 1:32:21]} 6. e4 {[%clk 1:31:02]} g6 {[%clk 1:32:39]} 7. Bd3
{[%clk 1:29:32]} Bg7 {[%clk 1:32:44]} 8. h3 {[%clk 1:21:52]} a6 {[%clk 1:30:47]}
9. Be3 {[%clk 1:20:50]} Nbd7 {[%clk 1:27:00]} 10. Nge2 {[%clk 1:14:07]} b5
{[%clk 1:20:58]} 11. Rb1 {[%clk 1:10:40]} Ne5 {[%clk 1:18:06]} 12. Bc2
{[%clk 1:08:47]} O-O {[%clk 1:16:40]} 13. O-O {[%clk 1:06:53]} Re8
{[%clk 1:13:17]} 14. Ng3 {[%clk 1:07:07]} Nc4 15. Bg5 {[%clk 1:07:22]} h6
{[%clk 1:11:28]} 16. Bc1 {[%clk 1:06:22]} Bd7 {[%clk 1:00:39]} 17. f4
{[%clk 1:04:21]} Qc7 {[%clk 0:45:55]} 18. f5 {[%clk 1:04:27]} gxf5
{[%clk 0:46:17]} 19. Nxf5 {[%clk 1:02:31]} Bxf5 {[%clk 0:34:19]} 20. Rxf5
{[%clk 1:02:31]} b4 {[%clk 0:32:23]} 21. Rxf6 {[%clk 0:59:12]} Bxf6
{[%clk 0:29:45]} 22. Bxh6 {[%clk 0:54:04]} Ne5 {[%clk 0:29:45]} 23. Ne2
{[%clk 0:54:04]} Ng6 {[%clk 0:24:24]} 24. Nf4 {[%clk 0:44:14]} Bg7 25. Bxg7
{[%clk 0:44:26]} Kxg7 {[%clk 0:24:17]} 26. Nh5+ {[%clk 0:44:26]} Kf8
{[%clk 0:17:28]} 27. Qg4 {[%clk 0:41:32]} Qe7 {[%clk 0:15:36]} 28. Rf1
{[%clk 0:39:28]} Kg8 {[%clk 0:16:01]} 29. Nf6+ {[%clk 0:30:26]} Kg7
{[%clk 0:16:22]} 30. Nxe8+ {[%clk 0:28:28]} Rxe8 {[%clk 0:13:22]} 31. Qf5
{[%clk 0:27:17]} Rf8 32. g3 {[%clk 0:27:15]} Qe5 {[%clk 0:12:28]} 33. Qg4
{[%clk 0:27:15]} Qxb2 34. Rf2 {[%clk 0:26:33]} Qd4 {[%clk 0:12:10]} 35. Kg2
{[%clk 0:24:36]} c4 {[%clk 0:09:47]} 36. h4 {[%clk 0:23:34]} Qc3 {[%clk 0:09:47]}
37. h5 {[%clk 0:23:34]} b3 {[%clk 0:08:18]} 38. hxg6 {[%clk 0:20:46]} bxc2
{[%clk 0:07:36]} 39. gxf7+ {[%clk 0:12:25]} Kh6 40. Rf5 {[%clk 0:12:25]} Qd2+
{[%clk 0:02:09]} 41. Kh3 {[%clk 0:12:43]} Kh7 42. Rh5+ {[%clk 0:10:08]} 1-0

[Event "MPA 1580 2024"]
[Site "Sianozety"]
[Date "2024.04.12"]
[Round "4.4"]
[White "Chacinski-Osorio, Fabian"]
[Black "Dubel, Daniel"]
[Result "1-0"]
[BlackElo "1511"]
[WhiteElo "1575"]
[LiveChessVersion "1.4.4"]

1. e4 {[%clk 1:30:58]} e6 {[%clk 1:30:57]} 2. Nf3 {[%clk 1:31:22]} d5
{[%clk 1:30:31]} 3. Nc3 {[%clk 1:31:46]} c5 {[%clk 1:29:50]} 4. exd5
{[%clk 1:32:10]} exd5 {[%clk 1:30:08]} 5. Bb5+ {[%clk 1:32:27]} Nc6
{[%clk 1:28:44]} 6. Ne5 {[%clk 1:30:23]} Qc7 {[%clk 1:22:55]} 7. Qe2
{[%clk 1:25:58]} Nge7 {[%clk 1:17:07]} 8. Nxd5 {[%clk 1:22:54]} Qd6
{[%clk 1:14:43]} 9. Nxe7 {[%clk 1:22:11]} Bxe7 {[%clk 1:14:40]} 10. Nxc6
{[%clk 1:19:04]} bxc6 {[%clk 1:15:00]} 11. Bc4 {[%clk 1:17:38]} O-O
{[%clk 1:14:11]} 12. O-O {[%clk 1:17:41]} Bf5 {[%clk 1:08:13]} 13. d3
{[%clk 1:16:53]} Rae8 {[%clk 1:07:44]} 14. Re1 {[%clk 1:15:09]} Bd7
{[%clk 1:01:36]} 15. Be3 {[%clk 1:13:48]} Qg6 {[%clk 0:59:29]} 16. Qf3
{[%clk 1:11:53]} h5 {[%clk 0:57:40]} 17. h3 {[%clk 0:50:10]} Kh8 {[%clk 0:57:33]}
18. Bf4 {[%clk 0:40:12]} Qh7 {[%clk 0:56:02]} 19. Re5 {[%clk 0:39:38]} g5
{[%clk 0:52:14]} 20. Bd2 {[%clk 0:30:53]} g4 {[%clk 0:48:59]} 21. hxg4
{[%clk 0:27:07]} hxg4 {[%clk 0:47:32]} 22. Qf4 {[%clk 0:18:16]} f6
{[%clk 0:43:24]} 23. Bc3 {[%clk 0:17:43]} Qh4 {[%clk 0:31:31]} 24. Re3
{[%clk 0:11:43]} Qh5 {[%clk 0:27:44]} 25. Rae1 {[%clk 0:10:50]} Bd8
{[%clk 0:27:48]} 26. Qh2 {[%clk 0:10:09]} Qxh2+ {[%clk 0:25:35]} 27. Kxh2
{[%clk 0:10:34]} Rxe3 {[%clk 0:25:29]} 28. Rxe3 {[%clk 0:10:57]} Kg7
{[%clk 0:25:43]} 29. Be6 {[%clk 0:11:04]} Bxe6 {[%clk 0:21:36]} 30. Rxe6
{[%clk 0:11:27]} Bc7+ {[%clk 0:20:57]} 31. Kg1 {[%clk 0:11:21]} g3
{[%clk 0:20:43]} 32. Rxc6 {[%clk 0:11:13]} Bb8 {[%clk 0:20:02]} 33. Rxc5
{[%clk 0:10:02]} Re8 {[%clk 0:19:55]} 34. Kf1 {[%clk 0:10:12]} Rh8
{[%clk 0:19:38]} 35. fxg3 {[%clk 0:10:18]} Bxg3 {[%clk 0:19:55]} 36. Rg5+ 1-0